00458nam a2200169Ia 4500008004100000100001500041245008200056260002300138300001000161500002200171650001900193650001800212700001500230700001400245700001900259856001000278220216s9999 xx 000 0 und d aMathur M L 0aQuarternary ammonium salts: new curatives for vulcanization of natural rubber bRubber Worldc1996 a34-36 aSource Year: 1996 aNatural rubber aVulcanization aArabinda B aChandra K aMukhopadhyay R uIRRDB